| 000 | 00885ngm a2200217 a 4500 | ||
|---|---|---|---|
| 005 | 20240925064513.0 | ||
| 008 | 020924s2000 mx 060 d daspa d | ||
| 035 | _aUPN01000119554 | ||
| 049 | _aAV | ||
| 050 | 4 | _aPVI H 1198 | |
| 245 | 0 | 0 |
_aExperiencias compartidas : _bvisión de género. |
| 260 |
_aMéxico : _bSEP. Televisión Educativa, _c2000. |
||
| 300 |
_a1 videocassette (VHS) (ca. 60 min.) : _bson., col. |
||
| 501 | _aCon : Migrantes -- La cultura de la paz | ||
| 520 | _aPor un lado tenemos la exposición del fenómeno migratorio, en donde se reponde a preguntas como : porqué se dá y que factores generan este fenómeno? Por otro lado, se muestra la lucha de las naciones por preservar y/ o instaurar la paz | ||
| 650 | 2 |
_aEmigración e inmigración _92252 |
|
| 650 | 4 |
_aPaz _96176 |
|
| 740 | 0 | _aMigrantes | |
| 740 | 3 | _aLa cultura de paz | |
| 905 | _aAudiovisuales | ||
| 999 |
_c91908 _d91908 |
||